Human Computer Interaction (Record no. 324408)
[ view plain ]
| 000 -LEADER | |
|---|---|
| fixed length control field | 00417nam a2200157Ia 4500 |
| 008 - FIXED-LENGTH DATA ELEMENTS--GENERAL INFORMATION | |
| fixed length control field | 230718s9999 xx 000 0 und d |
| 041 ## - LANGUAGE CODE | |
| Language code of text/sound track or separate title | eng |
| 082 ## - DEWEY DECIMAL CLASSIFICATION NUMBER | |
| Classification number | 004 |
| Item number | OLS |
| 100 ## - MAIN ENTRY--PERSONAL NAME | |
| Personal name | Olsen D.R. |
| 9 (RLIN) | 108991 |
| 245 ## - TITLE STATEMENT | |
| Title | Human Computer Interaction |
| 260 ## - PUBLICATION, DISTRIBUTION, ETC. (IMPRINT) | |
| Date of publication, distribution, etc. | 2010 |
| Name of publisher, distributor, etc. | Cengage Learning |
| 300 ## - PHYSICAL DESCRIPTION | |
| Extent | 512 |
| 365 ## - TRADE PRICE | |
| Currency code | Rs. |
| Price amount | 325.00 |
| 700 ## - ADDED ENTRY--PERSONAL NAME | |
| Personal name | Olsen D.R. |
| 9 (RLIN) | 108991 |
| 906 ## - LOCAL DATA ELEMENT F, LDF (RLIN) | |
| d | O:0067608-Mar-2010B:333511-Feb-2010 |
| c | COMP |
| b | 65 |
| Withdrawn status | Lost status | Damaged status | Not for loan | Home library | Current library | Date acquired | Vendor | Budget Code | Cost, normal purchase price | Bill number | Total Checkouts | Full call number | Barcode | Date last seen | Date last checked out | Discount | Cost, replacement price | Bill Date | Koha item type | Original Barcode |
|---|---|---|---|---|---|---|---|---|---|---|---|---|---|---|---|---|---|---|---|---|
| Cummins College of Engineering for Women Pune | Cummins College of Engineering for Women Pune | 08/03/2010 | Pradeep Book Distributors | COMP | 260.00 | 3335 | 1 | 004 | CCEP-BK-35615 | 21/11/2023 | 17/10/2023 | 65 | 325.00 | 11/02/2010 | Books | 035615 |